|
|
|
|
| LEADER |
00000cam a2200000 a 4500 |
| 001 |
vtls008309313 |
| 003 |
SK-MaSNL |
| 005 |
20260302021047.0 |
| 008 |
240509s1966 xo f np 000 0 cze |
| 015 |
|
|
|a SNBA1966/01-00014
|
| 035 |
|
|
|a SK01SNK19660001530
|
| 035 |
|
|
|a SKM000003993
|
| 040 |
|
|
|a SNK
|b slo
|c SNK
|e AACR2
|
| 041 |
0 |
|
|a cze
|
| 044 |
|
|
|a xo
|c SK
|
| 080 |
|
|
|a 911:33(075.8)
|2 1981
|
| 080 |
|
|
|a 33(075.8)
|2 1981
|
| 100 |
1 |
|
|a Skrbek, Kamil
|4 aut
|9 442119
|
| 245 |
1 |
0 |
|a Základy dopravní geografie
|c Kamil Skrbek
|
| 260 |
|
|
|a Bratislava
|b Slovenské vydavateľstvo technickej literatúry
|c 1966
|e Bratislava
|f Západoslovenské tlačiarne
|
| 300 |
|
|
|a 159, [1] s.
|b grafy, sch.
|c 4°
|
| 366 |
|
|
|e 300 výtl.
|
| 490 |
1 |
|
|a Dočasné vysokoškolské učebnice
|
| 500 |
|
|
|a Vydala Vysoká škola dopravná v Žiline v Slovenskom vydavateľstve technickej literatúry
|
| 504 |
|
|
|a Obsahuje bibliografiu
|
| 650 |
0 |
7 |
|a ekonomická geografia
|2 SNKPH
|9 841
|
| 650 |
0 |
7 |
|a geografia dopravy a spojov
|2 SNKPH
|9 1089
|
| 655 |
|
7 |
|a učebnice vysokých škôl
|2 SNKPH
|9 70191
|
| 655 |
|
7 |
|a Textbooks (higher)
|2 SNKPHeng
|9 276436
|
| 710 |
2 |
|
|a Vysoká škola dopravná v Žiline
|4 pbl
|9 166701
|
| 830 |
|
0 |
|a Dočasné vysokoškolské učebnice
|9 278602
|
| 852 |
|
|
|a Slovenská národná knižnica
|
| 954 |
|
|
|a odborná, vedecká literatúra pôvodná (slovenská)
|2 lita
|
| 958 |
|
|
|a RK
|
| 958 |
|
|
|a OND
|
| 958 |
|
|
|a NB
|
| 958 |
|
|
|a UV
|
| 999 |
|
|
|c 1027331
|d 1029261
|
| 952 |
|
|
|a SNK
|b SNK
|y PREZ
|7 0
|p 17A0818021
|o snkSB 11937
|0 0
|1 0
|4 0
|d 2012-08-01
|l 0
|r 2025-03-12 00:00:00
|w 2026-02-24
|
| 952 |
|
|
|a SNK
|b SNK
|y VYP
|7 0
|p 17A0462078
|o snkSB 11937 D2
|i snkD 2447/76
|0 0
|1 0
|4 0
|d 2005-04-06
|l 0
|r 2026-02-24 13:43:38
|w 2026-02-24
|
| 952 |
|
|
|t P60, <04>, [BOOK], {604}
|a SNK
|b SNK
|y VYP
|7 0
|p 17A0388632
|o snkSB 11937 D1
|i snkKSP 336/66
|0 0
|1 0
|4 0
|d 2003-07-14
|l 0
|r 2005-01-02 00:00:00
|w 2026-02-24
|